Essai sur le Vêda ou Etudes sur les religions, la littérature et la constitution sociale de l'Inde (Record no. 152875)

MARC details
000 -LEADER
campo de control de longitud fija 00883nam a22001935i 4500
001 - NÚMERO DE CONTROL
campo de control 152875
003 - IDENTIFICADOR DE NÚMERO DE CONTROL
campo de control ES-MaACL
005 - FECHA Y HORA DE LA ÚLTIMA TRANSACCIÓN
campo de control 20230906204916.0
008 - DATOS DE LONGITUD FIJA--INFORMACIÓN GENERAL
campo de control de longitud fija 051019s1863 sp | |||||||| ||spa d
040 ## - FUENTE DE CATALOGACIÓN
Centro catalogador/agencia de origen CAM
Lengua de catalogación spa
Centro/agencia transcriptor CAM
100 1# - ENTRADA PRINCIPAL--NOMBRE DE PERSONA
Nombre de persona Burnouf, Emile.
9 (RLIN) 32744
245 10 - MENCIÓN DEL TÍTULO
Título Essai sur le Vêda ou Etudes sur les religions, la littérature et la constitution sociale de l'Inde
Resto del título : depuis les temps primitifs jusqu'aux temps brahmaniques : ouvrage pouvant servir d'introduction à l'étude des littératures occidentales /
Mención de responsabilidad, etc. par Emile Burnouf.
260 ## - PUBLICACIÓN, DISTRIBUCIÓN, ETC.
Lugar de publicación, distribución, etc. Paris :
Nombre del editor, distribuidor, etc. Dezobry, Fd Tandou et C.,
Fecha de publicación, distribución, etc. 1863 (
Fabricante Imprimerie de J. Claye)
300 ## - DESCRIPCIÓN FÍSICA
Extensión VI, [2], 476 p. ;
Dimensiones 22 cm.
650 #4 - PUNTO DE ACCESO ADICIONAL DE MATERIA--TÉRMINO DE MATERIA
Término de materia o nombre geográfico como elemento de entrada Vedas.
9 (RLIN) 147919
650 #4 - PUNTO DE ACCESO ADICIONAL DE MATERIA--TÉRMINO DE MATERIA
Término de materia o nombre geográfico como elemento de entrada Religiones-
Subdivisión geográfica India.
9 (RLIN) 147896
740 0# - ENTRADA AGREGADA--TÍTULO RELACIONADO/ANALÍTICO NO CONTROLADO
Título relacionado o analítico no controlado Etudes sur les religions, la littérature et la constitution sociale de l'Inde.
852 ## - LOCALIZACIÓN
Ubicación ES-MaACL
Número de control de estantería G-12975
Nota libre -- Enc. hol.
Holdings
Estatus retirado Estado de pérdida Estado de daño No para préstamo Colección Biblioteca de origen Biblioteca actual Ubicación en estantería Fecha de adquisición Fuente de adquisición Total de préstamos Signatura topográfica completa Código de barras Visto por última vez Precio de reemplazo Tipo de ítem Koha
        Libros del s. XIX Biblioteca del Ateneo de Madrid Biblioteca del Ateneo de Madrid Sala Pecera Planta 3 17/01/2008     G-12975 1159671 23/02/2023 23/02/2023 Libro impreso antiguo